000 00720nam a2200265Ia 4500
003 OSt
005 20221007074116.0
006 a|||||r|||| 00| 0
007 ta
008 221006b |||||||| |||| 00| 0 eng d
024 _a4,799
037 _cTextual
040 _aFLL
_cFLL
_beng
041 _2eng
_aeng
082 _aZ2,805, M4
100 _aKelkar R.V. Au.
_9692051
245 0 _aOutlines of criminal procedure
250 _a2nd
260 _aLucknow
_bEatern book com. India
_c1984
300 _alxxx,612p
_ccm.
650 _aCriminal procedure
_9681582
700 _a Khanna H.R. Au.
942 _hZ2,805, M4
_cTEXL
_2CC
999 _c1151184
_d1151184